| 000 | 01304cam a2200241 4500 | ||
|---|---|---|---|
| 001 | ABS12901 | ||
| 008 | 041122n1971 000 0 eng u | ||
| 035 | _a(Sirsi) u128078 | ||
| 245 | _aDutton v Bognor Regis Urban District Council | ||
| 260 | _c1971 | ||
| 490 |
_aAll England Law Reports _v[1971] 2 All ER 1003-1010(8) |
||
| 520 | _aQBD, 7 April 1971. Discussed a local authority's liability for damages caused by defective works approved by an inspector. B's inspector had approved works on the excavations for the foundations and the damp-proof course of a new house, which subsequently deteriorated due to subsidence. D, the second owner, sought damages from B on the grounds that the work should not have been approved as it did not comply with the bye-laws. "Held": B owed a duty of care to D and was liable for the inspector's negligence | ||
| 650 | _aBROWN V T AND E C COTTERALL | ||
| 650 | _aCLAY V A J CRUMP AND SONS LTD | ||
| 650 | _aDONOGHUE V STEVENSON | ||
| 650 | _aDUTTON V BOGNOR REGIS DC | ||
| 650 | _aGALLAGHER V MCDOWELL LTD | ||
| 650 | _aGROTE V CHESTER AND HOLYHEAD RAILWAY COMPANY | ||
| 650 | _aMCCLELLAND V MANCHESTER CORPORATION | ||
| 650 | _aSHARPE V E T SWEETING AND SON LTD | ||
| 690 | _aBUILDING AND CONSTRUCTION-REGULATION AND CONTROL-CASE LAW | ||
| 942 | _n0 | ||
| 999 |
_c74615 _d74615 |
||